000
00237nam a2200097Ia 4500
008
190216s9999||||xx |||||||||||||| ||und||
100
_a
Viman K Prakasham
245
0
_a
Vysamaha Bharatham Vol1 5 6 9 16 18 20
260
_b
Null
942
_c
BK
999
_c
25067
_d
25067